000 nam a22 7a 4500
999 _c7925
_d7925
008 171109b xxu||||| |||| 00| 0 eng d
100 _94390
_aCBSE
245 _aENGLISH LANGUAGE AND LITERATRE -X -II
260 _aNEW DELHI
_bNCERT
_c2012